000 00497nam a2200193Ia 4500
008 151119s9999||||xx |||||||||||||| ||und||
082 _a28.5
082 _bGKKV13873
100 _aगडकर रेचल
245 _aमिनूच लग्न
260 _a--
260 _b--
260 _c0
600 _aगडकर रेचल
630 _aमिनूच लग्न
700 _aगडकर रेचल
730 _aमिनूच लग्न
942 _cBOOK
999 _c1067471
_d1067468